Statystyki dla Top 5 najmniejludnych państw Oceanii

Kliknij tutaj aby rozwiązać quiz!

Ogólne statystyki

  • Ten quiz został rozwiązany 188 razy
  • Średni wynik to 4 z 5

Statystyki odpowiedzi

LudnośćPaństwo% Poprawnych
59 000Wyspy Marshalla
80%
13 048Nauru
79%
20 000Palau
76%
11 810Tuvalu
73%
103 000Kiribati
72%

Rozkład punktacji

Percentyl według liczby udzielonych odpowiedzi

Procent ludzi z każdym wynikiem

Twoja historia wyników

Nie rozwiązałeś tego quizu